Normal view
MARC view
Entry Personal Name
001 - CONTROL NUMBER
- control field: 18181
003 - CONTROL NUMBER IDENTIFIER
- control field: BD-RjUL
005 - DATE AND TIME OF LATEST TRANSACTION
- control field: 20260422103217.0
008 - FIXED-LENGTH DATA ELEMENTS
- fixed length control field: 260422|| aca||aabn | a|a d
040 ## - CATALOGING SOURCE
- Original cataloging agency: BD-RjUL
- Transcribing agency: BD-RjUL
100 ## - HEADING--PERSONAL NAME
- Personal name: جلال ابادی، جلال الدین ;; Jalalabadi, Jalaluddin
- Fuller form of name: جلال الدین جلال ابادی ;; Jalaluddin Jalalabadi
670 ## - SOURCE DATA FOUND
- Source citation: Work cat.: (BD-RjUL)86383: جلال ابادی، جلال الدین ;; Jalalabadi, Jalaluddin جلال الدین جلال ابادی ;; Jalaluddin Jalalabadi,, مفتاح العلوم والفنون ;; Miftah Al-Uloom al funun /